| 000 | 00509cam a2200205ua 4500 | ||
|---|---|---|---|
| 001 | 7372 | ||
| 008 | 141208n ii |||gr||||Z||||||asm | ||
| 020 | _a812601279X | ||
| 040 | _cMAIN | ||
| 041 | _aasm | ||
| 082 | _a891.4513 | ||
| 100 |
_aBaruah, Anu, _eTranslator. |
||
| 245 | 1 |
_aSanjeeban _cTranslated by Anu Baruah |
|
| 250 | _a1st. | ||
| 260 |
_aCalcutta: _bSahitya Akademi, _c2002. |
||
| 300 | _a549p. | ||
| 653 | _aEast Indo-European & Celtic literatures | ||
| 653 | _aAssamese novels | ||
| 942 | _cBK | ||
| 999 |
_c6497 _d6497 |
||